| 000 | 01377cam a22003857a 4500 | ||
|---|---|---|---|
| 003 | CHAP | ||
| 005 | 20220329143020.0 | ||
| 008 | 050817s2003 es a r 00010 spa d | ||
| 010 | _a90692 | ||
| 011 | _a91664 | ||
| 020 | _a8429174849 | ||
| 035 | _a102225 | ||
| 040 | _cCHAP | ||
| 082 | 0 | 4 |
_a574.192 _bB42Y 2002 |
| 100 | 0 | 0 |
_aBerg, Jeremy M. _911764 |
| 245 | 1 | 0 |
_aBioquímica _c/por Jeremy M. Berg, John L. Tymoczko and Lubert Stryer |
| 250 | _a5ed. | ||
| 260 |
_aBarcelona : _bReverté, _c2003. |
||
| 300 |
_a974 p. : _bilus. |
||
| 500 | _aTrad. de : Biochemistry, 5 ed., 2002 | ||
| 590 |
_aBATCH-UPD _b10 _c20130110 _lUCH01 _h0542 |
||
| 590 |
_aBATCH-UPD _b10 _c20130110 _lUCH01 _h2356 |
||
| 590 |
_aBATCH-UPD _b10 _c20130410 _lUCH01 _h0223 |
||
| 590 |
_aBATCH-UPD _b10 _c20130914 _lUCH01 _h0606 |
||
| 590 |
_aCONVERSION _b10 _c20130109 _lUCH01 _h1350 |
||
| 650 | 1 | 4 |
_aBioquímica. _912849 |
| 700 | 0 |
_aStryer, Lubert. _9110034 |
|
| 700 | 0 |
_aTymoczko, John L. _9115742 |
|
| 901 | _aBK | ||
| 905 | _aAlejandra Carrasco M. | ||
| 942 | _cLIBRO | ||
| 949 |
_a574.192 B42Y 2002 _bBC _cLIBRO _d33724000977450 _eLIBRO _gI. 222802 _h106435 _i102225 _si _t$ 760.75 |
||
| 949 |
_a574.192 B42Y 2002 _bBC _cLIBRO _d33724002013405 _eLIBRO _fc.3 _gI. 223446 _h106466 _i102225 _si _t$ 895.00 |
||
| 949 |
_a574.192 B42Y 2002 _bBC _cLIBRO _d33724002021439 _eLIBRO _fc.2 _gI. 223445 _h106465 _i102225 _si _t$ 895.00 |
||
| 999 |
_c90692 _d90692 |
||